000 00318pam a2200133a 44500
008 230405s2022 xxu||||| |||| 00| 0 eng d
041 _aENG
100 _aMS. MEGHA TIWARI
245 _aPHARMACOLOGY ( MS. MEGHA TIWARI )
250 _a1
260 _aPUNE
_bNIRALI PRAKASHAN
_c2022
300 _a13.3
906 _a3072
999 _c268511
_d268511